Normal view
MARC view
Entry Personal Name
001 - CONTROL NUMBER
- control field: 1025
003 - CONTROL NUMBER IDENTIFIER
- control field: PK-NaQUE
005 - DATE AND TIME OF LATEST TRANSACTION
- control field: 20260629121630.0
008 - FIXED-LENGTH DATA ELEMENTS
- fixed length control field: 260629|| aca||aabn | a|a d
040 ## - CATALOGING SOURCE
- Original cataloging agency: PK-NaQUE
- Transcribing agency: PK-NaQUE
100 ## - HEADING--PERSONAL NAME
- Personal name: Imam Ali
- Personal name: 21-MSCS-04
- Personal name: Supervisor - Dr.Asghar Ali Chandio
670 ## - SOURCE DATA FOUND
- Source citation: Work cat.: (PK-NaQUE)69083: Imam Ali 21-MSCS-04 Supervisor - Dr.Asghar Ali Chandio , Malicious and Non Malicious Website Deduction Using Machine Learning (Thesis MS), 2025